LEADER 01782nam a2200373 a 4500 001 000000105178 003 CaOOAMICUS 005 20070522144518.0 008 070522s2007 be 001 0 ger d 020 $z978-2-503-52975-3 (v. 1)* 020 $z978-2-503-51977-7 (v. 2)* 040 $aPUG$bita$dPUL$dLDB 041 1 $ager$agrc 100 0 $aEvagrius Scholasticus,$dc. 536-c. 600.$0(OLS)http://pul/name/64641 240 10$aHistoria ecclesiastica.$lLatino e tedesco.$0(OLS)http://pul/title/132311 245 10$aHistoria ecclesiastica =$bKirchengeschichte /$cEvagrius Scholasticus ; übersetzt und eingeleitet von Adalheid Hübner. 246 31$aKirchengeschichte 260 $aTurnhout :$bBrepols,$c2007. 300 $a2 v. ;$c20 cm 490 1 $aFontes christiani ;$v057.1,2 500 $aTraduzione tedesca con testo greco a fronte. 504 $aBibliografia: p. [668]-690. 700 1 $aHübner, Adelheid,$eed.$0(OLS)http://pul/name/64642 830 0$aFontes christiani ;$v057.1,2.$0(OLS)http://pul/title/15906 850 $aPUL 852 $aPUL$W1$xSL Religione 1$y3$m20 D 57,1$j117821$qStampati$B117769$CPULBib$Z2$F117769 $H104281 $82 852 $aPUL$W1$xSL Religione 1$y3$m20 D 57,2$j117822$qStampati$B117770$CPULBib$Z2$F117770 $H104280 $82 900 $aEvagrio di Epifania,$dc. 536-c. 600$964641 941 1 $a8 996 $6020$z978-2-503-52975-3 (v. 1)*$9(OLS)http://pul/number/134471 996 $6020$z978-2-503-51977-7 (v. 2)*$9(OLS)http://pul/number/134472 996 $6245$aHistoria ecclesiastica =$bKirchengeschichte$9(OLS)http://pul/title/132312 996 $6246$aKirchengeschichte$9(OLS)http://pul/title/132313 996 $6260$aTurnhout :$bBrepols$9(OLS)http://pul/publisher/47850 LEADER 01278nam a2200277 a 4500 001 000000140983 003 CaOOAMICUS 005 20141217134011.0 008 141217s2005 it u000 u ita r 020 $a88-250-1576-3 040 $aPUL$bita 100 1 $aAccrocca, Felice.$0(OLS)http://pul/name/33849 245 11$a"Viveva ad Assisi un uomo di nome Francesco" :$bun'introduzione alle fonti biografiche di san Francesco /$cFelice Accrocca. 260 $aPadova :$bMessaggero di Sant'Antonio,$c2005. 300 $a178 p. ;$c19 cm 490 1 $aMemoria e profezia 600 04$aFranciscus Assisiensis,$cs.,$d1182-1226$xFonti.$0(OLS)http://pul/subject/16008 830 0$aMemoria e profezia$b(Messaggero di Padova).$0(OLS)http://pul/title/178398 850 $aPUL 852 $aPUL$W1$xDP1 Fondo Capitani$y116$m3 A 68$j115775$qFondi$B162415$CPULBib$Z2$F162415 $HCap958 $82 941 1 $a1 961 $aDedica autografa dell'A. 996 $6020$a88-250-1576-3$9(OLS)http://pul/number/156600 996 $6245$a"Viveva ad Assisi un uomo di nome Francesco" :$bun'introduzione alle fonti biografiche di san Francesco$9(OLS)http://pul/title/178397 996 $6260$aPadova :$bMessaggero di Sant'Antonio$9(OLS)http://pul/publisher/70267